000 00483nam a22001577a 4500
082 _aT-164
100 _aEngr Zaheer Ud Din Babur
_948553
245 _aTo Evaluate Disaster Management Plan of District Nowshera for Floods 2010 by Identifying Lapses on Coordination Aspects
260 _aRisalpur Cantt
_bMCE
300 _a82
526 _a0
_b0
_c0
_dT_164
526 _a0
_b0
_c0
_dT_164
650 _aThesis
_934811
700 _aDr. Arshad Ali, Asst Prof
_948554
942 _2ddc
_cBK
999 _c551451
_d551451